000
00306nam a2200133Ia 4500
008
231017s9999 xx 000 0 und d
082
_a
387.8
082
_b
GEN
245
0
_a
Access to destinations
245
0
_c
Metropolitan Council
260
_b
Metropolitan Council
300
_c
30cm
942
_c
REP
999
_c
605329
_d
605329